| 000 | 00527nam a22001937a 4500 | ||
|---|---|---|---|
| 003 | OSt | ||
| 005 | 20160705185718.0 | ||
| 008 | 160705b xxu||||| |||| 00| 0 eng d | ||
| 020 | _a041246960x | ||
| 040 | _c040a | ||
| 082 |
_aWA 320 _bD772c 1994 |
||
| 100 |
_aDoyle, Celia _99983 |
||
| 245 |
_aChild sexaul abuse: _ba guide for health professionals / _cCelia Doyle |
||
| 260 |
_aLondon _bChapman &Hall _c1994 |
||
| 300 |
_axiii, 290p; _c15 cm. |
||
| 504 | _aIncludes index | ||
| 650 |
_asexual abuse _99984 |
||
| 942 |
_2z _cO_SHELF |
||
| 999 |
_c4646 _d4646 |
||